000 00754nam a2200253Ia 4500
003 OSt
005 20220918213426.0
006 a|||||r|||| 00| 0
007 ta
008 220917b |||||||| |||| 00| 0 eng d
024 _a132,642
037 _cTextual
040 _aARTS
_cARTS
_beng
041 _2eng
_aeng
082 _aX6.1.N5, K6
100 _aCassell Francis
_9126917
245 0 _aGold or credit
_b The economics and politics of international money
260 _aLondon
_bPall Mall Press
_c1965
300 _a216p
_ccm.
490 _aPall Mall series on international economic and development ed by Isaiah Frank
650 _aECONOMICS
942 _hX6.1.N5, K6
_cTEXL
_2CC
999 _c255753
_d255753